Focus sur: Evangeline Orpington - Harry Potter - Statistiques

Statistiques générales
  • Ce quiz a été pris 24 fois
  • Le résultat moyen est 3 sur 5
Statistiques - réponses
Informations recherchées Réponses % Correct
Profession Ministre de la Magie
92%
Première mention (site Internet) Pottermore
88%
Bois de la baguette Peuplier
33%
Successeur Priscilla Dupont
25%
Prédécesseur Hortensia Milliphutt
21%
Aucun quiz correspondant
Distribution des résultats
% des personnes avec chaque résultat
Percentile par nombre de réponses
Votre historique - résultats
Vous n’avez pas pris ce quiz